Introduction to the foundations of mathematics

Saved in:
Bibliographic Details
Main Author: Wilder, Raymond Louis, 1896-1982
Format: Book
Language:English
Published: New York : John Wiley, 1952
Subjects:
Tags: Add Tag
No Tags, Be the first to tag this record!

MARC

LEADER 00000cam a2200000 i 4500
001 1/100912
008 090209s1952 eng d
035 |l 10103047 
040 |a GR-MY-UA  |b gre  |e aacr 
041 0 |a eng 
082 0 |a 510.9  |2 (22) 
100 1 |a Wilder, Raymond Louis,   |d 1896-1982. 
245 1 0 |a Introduction to the foundations of mathematics /  |c Raymond L. Wilder 
246 3 3 |a Founfation of mathematics 
260 |a New York :   |b John Wiley,   |c 1952 
300 |a xiv, 305 σ.;  |c 24 εκ. 
504 |a Περιέχει βιβλιογραφία (σ. 285-296) και ευρετήριο 
650 0 0 |a Mathematics  |x Philosophy. 
650 0 0 |a Logic, Symbolic and mathematical. 
852 |a INST  |b SAMOS  |c MAG  |e 20090209  |h 510.9 WIL  |p 005300029412  |q 005300029412  |t BK  |y 0 
901 |a BIBL3-2009-1 
909 |a Σ  |b 155557 
970 |a ΣΙΤΖΙΜΗ  |b ΓΙΑΣΕΜΗ  |z 2009/02/09